|
|
|
|
| LEADER |
01052nam a22002417a 4500 |
| 001 |
29681 |
| 003 |
BD-DhAAL |
| 005 |
20150811112737.0 |
| 008 |
150811s1989 bg ||||| |||| 00| 0 eng d |
| 040 |
|
|
|a BD-DhAAL
|c BD-DhAAL
|
| 082 |
|
|
|2 22
|a 375
|
| 245 |
|
|
|a ব্যবহারিক শিক্ষার পাঠলিপি ও অনুশীলন, প্রথম পর্ব
|
| 260 |
|
|
|a ঢাকা :
|b ব্রাক,
|c ১৯৮৯
|
| 300 |
|
|
|a ১৭৬ পৃ. :
|b চিত্র ;
|c ২৫ সে. মি.
|
| 541 |
|
|
|e 29682
|
| 650 |
|
|
|a Curriculum planning.
|9 10164
|
| 650 |
|
|
|a Curriculum planning
|9 10164
|
| 700 |
|
|
|a ব্রাক
|9 13613
|
| 852 |
|
|
|a Ayesha Abed Library
|c General Stacks
|
| 942 |
|
|
|2 ddc
|c BK
|
| 999 |
|
|
|c 35189
|d 35189
|
| 952 |
|
|
|0 0
|1 0
|2 ddc
|4 0
|6 375_000000000000000_BAB
|7 0
|9 55169
|a BRACUL
|b BRACUL
|c BRS
|d 2015-08-11
|l 0
|o 375 BAB
|p 3010029681
|r 2015-08-11
|t 1
|w 2015-08-11
|y BK
|
| 952 |
|
|
|0 0
|1 0
|2 ddc
|4 0
|6 375_000000000000000_BAB
|7 0
|9 55170
|a BRACUL
|b BRACUL
|c BRS
|d 2015-08-11
|l 0
|o 375 BAB
|p 3010029682
|r 2015-08-11
|t 2
|w 2015-08-11
|y BK
|